[Event "Navarra-ch"]
[Site "Pamplona"]
[Date "2014.05.24"]
[Round "7"]
[White "De Esteban, Valentin"]
[Black "Oyaga Valencia, Jesus Maria"]
[Result "1/2-1/2"]
[WhiteElo "1764"]
[BlackElo "1699"]
[PlyCount "57"]
[EventDate "2014.03.29"]
[EventType "swiss"]
[EventRounds "8"]
[EventCountry "ESP"]
[SourceTitle "EXT 2016"]
[Source "ChessBase"]
[SourceDate "2015.10.08"]
[SourceVersion "1"]
[SourceVersionDate "2015.10.08"]
[SourceQuality "1"]

1. e4 e6 2. Nf3 d5 3. exd5 exd5 4. d4 Bg4 5. Be2 Nf6 6. Bg5 Be7 7. Ne5 Bxe2 8. Qxe2 0-0 9. 0-0 Nbd7 10. Re1 Re8 11. Nd2 Bd6 12. f4 c6 13. Qf2 Qc7 14. Re2 c5 15. c3 cxd4 16. cxd4 Rac8 17. Rae1 h6 18. Bxh6 gxh6 19. Qh4 Kh7 20. Nxf7 Bxf4 21. Rxe8 Rxe8 22. Rxe8 Nxe8 23. Qe7 Ng7 24. Nf1 Qc6 25. g3 Bc1 26. h4 Qe6 27. Qxe6 Nxe6 28. Nd6 Nb8 29. Ne3 1/2-1/2

[Event "Benidorm op U2000 12th"]
[Site "Benidorm"]
[Date "2013.12.07"]
[Round "10"]
[White "Gerona Maura, Jesus"]
[Black "De Esteban, Valentin"]
[Result "1-0"]
[WhiteElo "1939"]
[BlackElo "1764"]
[PlyCount "73"]
[EventDate "2013.11.29"]
[EventType "swiss"]
[EventRounds "10"]
[EventCountry "ESP"]
[SourceTitle "CBM 157 Extra"]
[Source "ChessBase"]
[SourceDate "2013.12.19"]
[SourceVersion "1"]
[SourceVersionDate "2013.12.19"]
[SourceQuality "1"]

1. c4 e5 2. Nc3 Be7 3. g3 f5 4. Bg2 Nf6 5. e3 c6 6. Nge2 d6 7. d4 e4 8. 0-0 0-0 9. b4 d5 10. Qb3 Be6 11. c5 Na6 12. b5 cxb5 13. Qxb5 Qc7 14. Rb1 Rab8 15. Nf4 Bd7 16. Qb3 Kh8 17. Ncxd5 Nxd5 18. Nxd5 Qd8 19. Nxe7 Qxe7 20. Ba3 Qe6 21. d5 Qe5 22. Qc4 Nc7 23. c6 bxc6 24. Bxf8 Rxf8 25. dxc6 Be6 26. Qd4 Qxd4 27. exd4 Bxa2 28. Rb7 Rc8 29. Ra1 Bd5 30. Raxa7 Ne6 31. Rb6 h6 32. Rd7 Bxc6 33. Rd6 Nd8 34. Bh3 Ba4 35. Bxf5 Rc1+ 36. Kg2 Nf7 37. Rb8+ 1-0

[Event "Benidorm op U2000 12th"]
[Site "Benidorm"]
[Date "2013.12.04"]
[Round "7"]
[White "De Esteban, Valentin"]
[Black "Muro Turon, Raul"]
[Result "1-0"]
[WhiteElo "1764"]
[BlackElo "1905"]
[PlyCount "41"]
[EventDate "2013.11.29"]
[EventType "swiss"]
[EventRounds "10"]
[EventCountry "ESP"]
[SourceTitle "CBM 157 Extra"]
[Source "ChessBase"]
[SourceDate "2013.12.19"]
[SourceVersion "1"]
[SourceVersionDate "2013.12.19"]
[SourceQuality "1"]

1. e4 e5 2. Nf3 Nc6 3. Bc4 Nf6 4. Qe2 Bc5 5. c3 d6 6. a4 a6 7. h3 0-0 8. 0-0 h6 9. d3 Qe7 10. Be3 Bxe3 11. fxe3 d5 12. exd5 e4 13. dxe4 Ne5 14. Nxe5 Qxe5 15. Nd2 Nxe4 16. Nxe4 Qxe4 17. Rf4 Qe7 18. Raf1 Kh8 19. d6 Qxd6 20. Rxf7 Be6 21. Rxf8+ 1-0

[Event "Benidorm op U2000 12th"]
[Site "Benidorm"]
[Date "2013.11.29"]
[Round "1"]
[White "Roca Cruz, Rafael"]
[Black "De Esteban, Valentin"]
[Result "1-0"]
[WhiteElo "1988"]
[BlackElo "1764"]
[PlyCount "107"]
[EventDate "2013.11.29"]
[EventType "swiss"]
[EventRounds "10"]
[EventCountry "ESP"]
[SourceTitle "CBM 157 Extra"]
[Source "ChessBase"]
[SourceDate "2013.12.19"]
[SourceVersion "1"]
[SourceVersionDate "2013.12.19"]
[SourceQuality "1"]

1. d4 d5 2. Nf3 c6 3. c4 e6 4. Nc3 Bd6 5. g3 f5 6. Bf4 Nf6 7. Bxd6 Qxd6 8. Bg2 0-0 9. 0-0 Nbd7 10. c5 Qe7 11. b4 e5 12. dxe5 Nxe5 13. Qd4 Re8 14. e3 Bd7 15. a4 a6 16. Nxe5 Qxe5 17. Qxe5 Rxe5 18. Ne2 Rae8 19. Nd4 Ne4 20. Bxe4 Rxe4 21. Rfb1 g6 22. b5 axb5 23. axb5 R4e7 24. Ra7 cxb5 25. Rxb7 Bc8 26. R7xb5 Rc7 27. c6 Ba6 28. Rb6 Bc8 29. Rc1 Kf7 30. Nb5 Ree7 31. Nxc7 Rxc7 32. Kf1 Ke6 33. Ke2 Kd6 34. Kd3 Ra7 35. c7+ Kd7 36. Kd4 Ke7 37. Rb8 Kd7 38. Rc2 Rxc7 39. Rxc7+ Kxc7 40. Ra8 Bb7 41. Rh8 Kd6 42. Rxh7 Bc6 43. Rh8 Ke6 44. Rg8 Kf6 45. Rc8 Ba4 46. Kxd5 Bb3+ 47. Kd6 g5 48. Rf8+ Kg6 49. Ke5 Bc2 50. Rf6+ Kh5 51. Rxf5 Kg4 52. e4 Kh3 53. Rxg5 Kxh2 54. f4 1-0

[Event "Navarra-chT Preferente"]
[Site "Navarra"]
[Date "2012.11.17"]
[Round "6.8"]
[White "De Esteban, Valentin"]
[Black "Sanjuan Ruperez, Jorge"]
[Result "0-1"]
[WhiteElo "1783"]
[BlackElo "1834"]
[PlyCount "48"]
[EventDate "2012.10.13"]
[EventType "team"]
[EventRounds "7"]
[EventCountry "ESP"]
[SourceTitle "EXT 2014"]
[Source "ChessBase"]
[SourceDate "2013.11.20"]
[SourceVersion "1"]
[SourceVersionDate "2013.11.20"]
[SourceQuality "1"]
[WhiteTeam "Nuevo Casino"]
[BlackTeam "Santa Ana"]
[WhiteTeamCountry "ESP"]
[BlackTeamCountry "ESP"]

1. e4 e5 2. Nf3 Nc6 3. Bc4 Nf6 4. Qe2 Bc5 5. c3 0-0 6. a4 d5 7. exd5 e4 8. Ng5 Bg4 9. f3 exf3 10. Qd3 f2+ 11. Kf1 Ne5 12. Qc2 Nxc4 13. d4 Bd6 14. Qxf2 Re8 15. Nf3 Ne4 16. Qc2 Qf6 17. Qd1 Ng5 18. Bxg5 Qxg5 19. Nxg5 Bxd1 20. b4 h6 21. Nh3 Re3 22. g3 Rae8 23. Kg2 Bf3+ 24. Kg1 Re1+ 0-1

[Event "Benidorm op U2000 09th"]
[Site "Benidorm"]
[Date "2010.12.06"]
[Round "4"]
[White "De Esteban, Valentin"]
[Black "Zabala Perez, Aritz"]
[Result "0-1"]
[WhiteElo "1811"]
[BlackElo "1910"]
[PlyCount "42"]
[EventDate "2010.12.03"]
[EventType "swiss"]
[EventRounds "10"]
[EventCountry "ESP"]
[SourceTitle "CBM 139 Extra"]
[Source "ChessBase"]
[SourceDate "2011.01.05"]
[SourceVersion "1"]
[SourceVersionDate "2011.01.05"]
[SourceQuality "1"]

1. e4 e5 2. Nf3 Nc6 3. Bc4 Nf6 4. Nc3 Nxe4 5. Bxf7+ Kxf7 6. Nxe4 Be7 7. 0-0 d5 8. Ng3 Rf8 9. d3 Kg8 10. h3 Bd6 11. b3 Qf6 12. Bb2 Bxh3 13. gxh3 Qxf3 14. Qxf3 Rxf3 15. Kg2 Raf8 16. a3 Ne7 17. Rae1 Ng6 18. Re2 R3f4 19. Rfe1 Rh4 20. Bc1 Nf4+ 21. Bxf4 exf4 0-1

[Event "Calvia Amateur op 7th"]
[Site "Calvia"]
[Date "2010.10.14"]
[Round "6"]
[White "Porfireanu, Serban"]
[Black "De Esteban, Valentin"]
[Result "1/2-1/2"]
[WhiteElo "2024"]
[BlackElo "1796"]
[PlyCount "66"]
[EventDate "2010.10.09"]
[EventType "swiss"]
[EventRounds "9"]
[EventCountry "ESP"]
[SourceTitle "EXT 2011"]
[Source "ChessBase"]
[SourceDate "2010.11.26"]
[SourceVersion "1"]
[SourceVersionDate "2010.11.26"]
[SourceQuality "1"]

1. c4 e5 2. Nc3 Be7 3. g3 Nf6 4. Bg2 c6 5. d4 exd4 6. Qxd4 0-0 7. Nf3 d6 8. 0-0 d5 9. cxd5 cxd5 10. Bg5 Nc6 11. Qa4 Be6 12. Rfd1 Qb6 13. Qb5 Qxb5 14. Nxb5 Rfd8 15. Nbd4 Nxd4 16. Nxd4 Rd7 17. Rac1 h6 18. Bd2 Rad8 19. f4 Bg4 20. h3 Bh5 21. g4 Bg6 22. f5 Bh7 23. Nf3 Bd6 24. Ba5 b6 25. Be1 Ne4 26. h4 Bf4 27. Rc6 Kf8 28. Rd3 g6 29. Nd4 Be5 30. Nf3 Bg7 31. Nd4 gxf5 32. gxf5 Be5 33. Nf3 Bg7 1/2-1/2